[Event "AUT-chT2W 0506"]
[Site "Austria"]
[Date "2006.01.21"]
[Round "7"]
[White "Grabher, Heinz"]
[Black "Maierhofer, Johann"]
[Result "1/2-1/2"]
[WhiteElo "2279"]
[BlackElo "2166"]
[PlyCount "101"]
[EventDate "2005.10.08"]
[EventType "team"]
[EventRounds "11"]
[EventCountry "AUT"]
[SourceTitle "EXT 2007"]
[Source "ChessBase"]
[SourceDate "2006.11.23"]
[SourceVersion "1"]
[SourceVersionDate "2006.11.23"]
[SourceQuality "1"]
[WhiteTeam "Hohenems II"]
[BlackTeam "Ranshofen"]
[WhiteTeamCountry "AUT"]
[BlackTeamCountry "AUT"]

1. e4 e5 2. Nf3 Nf6 3. Nxe5 d6 4. Nf3 Nxe4 5. Nc3 Nxc3 6. dxc3 Be7 7. Bf4 Nd7 8. Qd2 Nc5 9. 0-0-0 Bd7 10. h3 Ne6 11. Be3 Bc6 12. Nd4 Qd7 13. Nxc6 Qxc6 14. g4 0-0-0 15. Rg1 h6 16. Bg2 Qa6 17. Kb1 Rhe8 18. Qd5 Kb8 19. Qf5 Rf8 20. Bf1 Qa4 21. b3 Qc6 22. Qa5 a6 23. Bg2 Qb5 24. Qa3 Qe5 25. Qb4 Qb5 26. Qe4 c6 27. Bd4 Rfe8 28. c4 Qa5 29. Bb2 Bh4 30. f4 Bg3 31. f5 Ng5 32. Qd3 Be5 33. Rge1 f6 34. Re2 Nf7 35. Qe3 Re7 36. Qd2 Qxd2 37. Rexd2 Bxb2 38. Kxb2 Rde8 39. Bf3 Re3 40. Rd3 Kc7 41. Kc3 R3e7 42. b4 Re5 43. Kb3 R8e7 44. a3 Re8 45. Kc3 R8e7 46. Kb2 Re8 47. c5 Rd8 48. cxd6+ Rxd6 49. Kc1 Re7 50. c4 Rxd3 51. Rxd3 1/2-1/2

[Event "AUT-chT2W 0506"]
[Site "Austria"]
[Date "2005.12.03"]
[Round "4"]
[White "Mayr, Manfred"]
[Black "Grabher, Heinz"]
[Result "0-1"]
[WhiteElo "2123"]
[BlackElo "2279"]
[PlyCount "84"]
[EventDate "2005.10.08"]
[EventType "team"]
[EventRounds "11"]
[EventCountry "AUT"]
[SourceTitle "EXT 2007"]
[Source "ChessBase"]
[SourceDate "2006.11.23"]
[SourceVersion "1"]
[SourceVersionDate "2006.11.23"]
[SourceQuality "1"]
[WhiteTeam "Lochau"]
[BlackTeam "Hohenems II"]
[WhiteTeamCountry "AUT"]
[BlackTeamCountry "AUT"]

1. Nf3 Nc6 2. g3 e5 3. d3 d5 4. Bg2 Nf6 5. 0-0 Bc5 6. c3 0-0 7. Qc2 a5 8. a4 h6 9. e4 dxe4 10. dxe4 Qe7 11. Re1 Ng4 12. Re2 Be6 13. h3 Nf6 14. Be3 Bc4 15. Bxc5 Qxc5 16. Rd2 Rad8 17. Rxd8 Rxd8 18. Ne1 Qb6 19. Nd2 Be6 20. Bf1 Ne7 21. Nc4 Qc5 22. b3 Bxc4 23. Bxc4 Nc8 24. Kg2 Qc6 25. f3 Nd6 26. Rd1 Re8 27. Be2 Qb6 28. Bf1 h5 29. Nd3 h4 30. g4 Nh7 31. Nb2 Ng5 32. Re1 Ne6 33. Nc4 Nf4+ 34. Kh2 Nxc4 35. Bxc4 Rd8 36. Rf1 Qe3 37. Rf2 Rd1 38. Bf1 Rc1 39. Qb2 Qxc3 40. Qa2 Qe3 41. Bc4 Nd3 42. Qd2 Qxf2+ 0-1